Power semiconductor drives / (Record no. 180138)
[ view plain ]
| 000 -LEADER | |
|---|---|
| fixed length control field | 01094 a2200229 4500 |
| 003 - CONTROL NUMBER IDENTIFIER | |
| control field | Nust |
| 005 - DATE AND TIME OF LATEST TRANSACTION | |
| control field | 20221028114544.0 |
| 010 ## - LIBRARY OF CONGRESS CONTROL NUMBER | |
| LC control number | 84007475 |
| 020 ## - INTERNATIONAL STANDARD BOOK NUMBER | |
| International Standard Book Number | 0471898317 : |
| 040 ## - CATALOGING SOURCE | |
| Transcribing agency | Nust |
| 082 00 - DEWEY DECIMAL CLASSIFICATION NUMBER | |
| Classification number | 621.317,DEW |
| 100 1# - MAIN ENTRY--PERSONAL NAME | |
| Personal name | Dewan, S. B. |
| 9 (RLIN) | 101609 |
| 245 10 - TITLE STATEMENT | |
| Title | Power semiconductor drives / |
| Statement of responsibility, etc. | S.B. Dewan, G.R. Slemon, A. Straughen. |
| 260 ## - PUBLICATION, DISTRIBUTION, ETC. | |
| Place of publication, distribution, etc. | New York : |
| Name of publisher, distributor, etc. | Wiley, |
| Date of publication, distribution, etc. | c1984. |
| 300 ## - PHYSICAL DESCRIPTION | |
| Extent | xviii, 354 p. : |
| Other physical details | ill. ; |
| Dimensions | 24 cm. |
| 505 ## - FORMATTED CONTENTS NOTE | |
| Formatted contents note | Variable Speed Drive System (Page-1), Separately Excited DC Motors (Page-35), Single-Phase Rectifier with Motor Load (Page-54), Three-Phase Rectifiers With Motor Load (Page-97), Chopper Drives (Page-127), Three-Phase Induction Motor (Page-158), Speed Control by AC Power (Page-184), Speed Control by Slip-Energy Recovery (Page-199), Induction Motor with Voltage-Source (Page-220), Induction Motor with Current-Source Inverter (Page-260), Synchronous Motor Drives(Page-286). |
| 650 #0 - SUBJECT ADDED ENTRY--TOPICAL TERM | |
| Topical term or geographic name entry element | Electric driving. |
| 650 #0 - SUBJECT ADDED ENTRY--TOPICAL TERM | |
| Topical term or geographic name entry element | Power semiconductors. |
| 9 (RLIN) | 65755 |
| 700 1# - ADDED ENTRY--PERSONAL NAME | |
| Personal name | Slemon, Gordon R. |
| 9 (RLIN) | 56260 |
| 700 1# - ADDED ENTRY--PERSONAL NAME | |
| Personal name | Straughen, A. |
| 9 (RLIN) | 101610 |
| 942 ## - ADDED ENTRY ELEMENTS (KOHA) | |
| Source of classification or shelving scheme | |
| Koha item type | Book |
| Withdrawn status | Lost status | Source of classification or shelving scheme | Damaged status | Not for loan | Permanent Location | Current Location | Shelving location | Date acquired | Full call number | Barcode | Date last seen | Price effective from | Koha item type | Public note |
|---|---|---|---|---|---|---|---|---|---|---|---|---|---|---|
| Military College of Signals (MCS) | Military College of Signals (MCS) | General Stacks | 12/12/2016 | 621.317,DEW | MCS687 | 12/08/2016 | 12/12/2016 | Book | Almirah No.29, Shelf No.2 | |||||
| Military College of Signals (MCS) | Military College of Signals (MCS) | General Stacks | 12/12/2016 | 621.317,DEW | MCS688 | 12/08/2016 | 12/12/2016 | Book | Almirah No.29, Shelf No.2 |
